000 00764nam a22002057a 4500
008 251007b |||||||| |||| 00| 0 eng d
020 _a9780199675593
040 _aCUZ
_beng
_cCUZ
_dCUZ
_erda
050 _aDF82.C43CEC
100 _aPaola Ceccarelli
245 _aAncient Greek letter writing:
_bA cultural history (600 BC-150 BC0
_cby Paola Ceccarelli
264 _aNew York
_bOxford University press
_c©2013
300 _axx,435pages
336 _atext
_btxt
337 _aunmediated
_bn
338 _2rdacarrier
500 _aincludes bibliography and index
650 _aHistory of Europe, Asia, Africa and Oceania 
_aHistory of Greece 
_aAntiquities. Civilization. Culture. Ethnography
942 _cOS
_i82.C43CEC
_kDF
999 _c45389
_d45389